[Event "American Continental"]
[Site "Buenos Aires ARG"]
[Date "2005.08.15"]
[Round "10"]
[White "Lawson, Eric"]
[Black "Kovalyov, Anton"]
[Result "1-0"]
[WhiteElo "2367"]
[BlackElo "2234"]
[PlyCount "73"]
[GameId "2129405118045334"]
[EventDate "2005.08.06"]
[EventType "swiss"]
[EventRounds "11"]
[EventCountry "ARG"]
[SourceTitle "The Week in Chess 554"]
[Source "Mark Crowther"]
[SourceDate "2005.08.29"]
[SourceVersion "1"]
[SourceVersionDate "2005.08.29"]
[SourceQuality "2"]

1. d4 d5 2. Bg5 h6 3. Bh4 c6 4. Nf3 Nd7 5. e3 Qb6 6. Qc1 e5 7. c4 exd4 8. Nxd4 dxc4 9. Bxc4 Ne5 10. Be2 Bb4+ 11. Nd2 Ng6 12. Bg3 Nf6 13. O-O Bxd2 14. Qxd2 Ne4 15. Qc2 Nxg3 16. hxg3 O-O 17. f4 Ne7 18. Bc4 c5 19. Nb3 Nf5 20. Rae1 Nxg3 21. Rf3 Qb4 22. Rxg3 Qxe1+ 23. Kh2 Kh8 24. Qe4 Qb4 25. Qe5 Rg8 26. Bxf7 Bd7 27. Nxc5 Rae8 28. Bxe8 Bxe8 29. a3 Qb5 30. f5 Bf7 31. f6 g6 32. Qg5 Kh7 33. Ne6 Qe2 34. Rh3 h5 35. Nf4 Qd1 36. e4 Rc8 37. Rxh5+ 1-0

[Event "American Continental"]
[Site "Buenos Aires ARG"]
[Date "2005.08.16"]
[Round "11"]
[White "Kovalyov, Anton"]
[Black "Quiroga, Facundo"]
[Result "1-0"]
[WhiteElo "2234"]
[BlackElo "2321"]
[PlyCount "80"]
[GameId "2129405118053601"]
[EventDate "2005.08.06"]
[EventType "swiss"]
[EventRounds "11"]
[EventCountry "ARG"]
[SourceTitle "The Week in Chess 554"]
[Source "Mark Crowther"]
[SourceDate "2005.08.29"]
[SourceVersion "1"]
[SourceVersionDate "2005.08.29"]
[SourceQuality "2"]

1. c4 Nf6 2. Nf3 e6 3. d4 b6 4. a3 Ba6 5. Qc2 c5 6. d5 exd5 7. cxd5 d6 8. Nc3 Nbd7 9. g3 Be7 10. Bg2 O-O 11. O-O Re8 12. Re1 Bf8 13. h3 Bb7 14. e4 a6 15. a4 Qc7 16. Bf4 Rac8 17. Nd2 Ne5 18. Bf1 g6 19. Be3 Nh5 20. Kh2 h6 21. Be2 Nf6 22. f4 Ned7 23. Bf2 Qb8 24. Bc4 Bg7 25. Qd3 Qa8 26. Nf3 Nh7 27. Re2 Re7 28. Rae1 Rce8 29. Re3 Qc8 30. b3 Qa8 31. Nb1 g5 32. Nbd2 Ndf6 33. R3e2 Nd7 34. Be3 f6 35. Bf2 Nhf8 36. h4 g4 37. Ng1 h5 38. Re3 Bh6 39. Ne2 Rb8 40. Nc3 Bg7 1-0

[Event "Buenos Aires Najdorf Talents"]
[Site "Buenos Aires ARG"]
[Date "2004.09.21"]
[Round "2"]
[White "Kovalyov, Anton"]
[Black "Fusco, Leonardo"]
[Result "1/2-1/2"]
[WhiteElo "2217"]
[BlackElo "2296"]
[PlyCount "44"]
[GameId "2129405124760645"]
[EventDate "2004.09.21"]
[EventType "swiss"]
[EventRounds "7"]
[EventCountry "ARG"]
[SourceTitle "CBM 102 ext"]
[Source "ChessBase"]
[SourceDate "2004.11.03"]
[SourceVersion "1"]
[SourceVersionDate "2004.11.03"]
[SourceQuality "1"]

1. e4 c5 2. f4 d5 3. exd5 Nf6 4. Bb5+ Bd7 5. Bxd7+ Qxd7 6. c4 e6 7. Qe2 Bd6 8. dxe6 Qxe6 9. Qxe6+ fxe6 10. d3 Nc6 11. Bd2 e5 12. Ne2 O-O-O 13. O-O exf4 14. Bxf4 Nb4 15. Nbc3 Nxd3 16. Bxd6 Rxd6 17. Rad1 Rd7 18. b3 Rhd8 19. h3 Nb4 20. Rxd7 Rxd7 21. Nf4 Re7 22. Rf3 Re5 1/2-1/2

[Event "Buenos Aires Najdorf Talents"]
[Site "Buenos Aires ARG"]
[Date "2004.09.22"]
[Round "3"]
[White "Mazziotti Irigoyen, Gabriel"]
[Black "Kovalyov, Anton"]
[Result "1/2-1/2"]
[WhiteElo "2253"]
[BlackElo "2217"]
[PlyCount "113"]
[GameId "2129405124760654"]
[EventDate "2004.09.21"]
[EventType "swiss"]
[EventRounds "7"]
[EventCountry "ARG"]
[SourceTitle "CBM 102 ext"]
[Source "ChessBase"]
[SourceDate "2004.11.03"]
[SourceVersion "1"]
[SourceVersionDate "2004.11.03"]
[SourceQuality "1"]

1. e4 c5 2. Nf3 d6 3. d4 cxd4 4. Nxd4 Nf6 5. f3 e6 6. c4 Be7 7. Nc3 a6 8. Be3 Bd7 9. Be2 Nc6 10. O-O Rc8 11. Nxc6 Bxc6 12. b4 b6 13. Qb3 Ba8 14. Qa4+ Nd7 15. Qxa6 Bc6 16. Qa3 O-O 17. Rfd1 Qc7 18. Qb3 Ra8 19. a4 Bf6 20. Bd4 Bxd4+ 21. Rxd4 Ne5 22. Rad1 Rfd8 23. b5 Be8 24. Qb4 Rd7 25. Rxd6 Rad8 26. Rxd7 Rxd7 27. f4 Rxd1+ 28. Nxd1 Nd7 29. Qe7 Qc5+ 30. Qxc5 Nxc5 31. Nc3 f6 32. Kf2 e5 33. fxe5 fxe5 34. Ke3 Bf7 35. Kd2 Kf8 36. Kc2 Ke7 37. Kb2 Kd6 38. Ka3 Nb7 39. Kb4 Be6 40. h3 g6 41. Bg4 Bf7 42. h4 h5 43. Bh3 Nc5 44. Nd5 Bxd5 45. exd5 Nd3+ 46. Kc3 Nc5 47. Be6 Nxa4+ 48. Kd3 Nc5+ 49. Ke3 Nxe6 50. dxe6 Kxe6 51. Ke4 Kd6 52. g3 Ke6 53. Kf3 Kd7 54. Ke3 Ke7 55. Kd3 Kd7 56. Ke3 Ke7 57. Kd3 1/2-1/2

[Event "Buenos Aires Najdorf Talents"]
[Site "Buenos Aires ARG"]
[Date "2004.09.22"]
[Round "4"]
[White "Kovalyov, Anton"]
[Black "Goldwaser, Christian"]
[Result "1/2-1/2"]
[WhiteElo "2217"]
[BlackElo "2111"]
[PlyCount "83"]
[GameId "2129405124760660"]
[EventDate "2004.09.21"]
[EventType "swiss"]
[EventRounds "7"]
[EventCountry "ARG"]
[SourceTitle "CBM 102 ext"]
[Source "ChessBase"]
[SourceDate "2004.11.03"]
[SourceVersion "1"]
[SourceVersionDate "2004.11.03"]
[SourceQuality "1"]

1. e4 e6 2. d4 d5 3. Nd2 Nf6 4. e5 Nfd7 5. c3 c5 6. Ndf3 Nc6 7. Ne2 cxd4 8. cxd4 Be7 9. g3 O-O 10. Bg2 f6 11. exf6 Bb4+ 12. Bd2 Bxd2+ 13. Qxd2 Nxf6 14. Ne5 Qb6 15. Nxc6 bxc6 16. O-O Ba6 17. Rfe1 e5 18. dxe5 Ne4 19. Qd4 Nxf2 20. Qxb6 axb6 21. Nf4 Nd3 22. Nxd3 Bxd3 23. Rec1 Bb5 24. Bh3 Rfe8 25. Bd7 Rxe5 26. Bxc6 Bxc6 27. Rxc6 Re2 28. Rxb6 Rc8 29. Rf1 h6 30. Rf2 Re1+ 31. Kg2 Rd1 32. Rb7 d4 33. Rff7 Rd2+ 34. Kh3 Rxb2 35. Rxg7+ Kh8 36. Rh7+ Kg8 37. Rhg7+ Kh8 38. Rh7+ Kg8 39. Rxb2 Kxh7 40. Rb7+ Kg6 41. Rd7 Ra8 42. Rxd4 1/2-1/2

[Event "Buenos Aires Najdorf Talents"]
[Site "Buenos Aires ARG"]
[Date "2004.09.22"]
[Round "5"]
[White "Leskovar, Matias"]
[Black "Kovalyov, Anton"]
[Result "1-0"]
[WhiteElo "2315"]
[BlackElo "2217"]
[PlyCount "117"]
[GameId "2129405124760669"]
[EventDate "2004.09.21"]
[EventType "swiss"]
[EventRounds "7"]
[EventCountry "ARG"]
[SourceTitle "CBM 102 ext"]
[Source "ChessBase"]
[SourceDate "2004.11.03"]
[SourceVersion "1"]
[SourceVersionDate "2004.11.03"]
[SourceQuality "1"]

1. d4 Nf6 2. Nf3 g6 3. Bg5 Bg7 4. Nbd2 d5 5. e3 O-O 6. Be2 c6 7. O-O h6 8. Bh4 Nbd7 9. c4 dxc4 10. Nxc4 g5 11. Bg3 Ne4 12. Bd3 Nxg3 13. hxg3 Nb6 14. Qe2 Nxc4 15. Bxc4 Bf5 16. Rfd1 e6 17. b4 Qb6 18. e4 Bg6 19. b5 cxb5 20. Bxb5 Rfd8 21. e5 Rac8 22. Ba4 Rc3 23. Bb3 Qc6 24. d5 exd5 25. Nd4 Qe8 26. Re1 Rc7 27. f4 Be4 28. Nb5 Rc5 29. Nd6 Rxd6 30. exd6 Bxa1 31. Rxa1 Qe6 32. Rd1 Qd7 33. fxg5 hxg5 34. Qe3 b6 35. Qxg5+ Kf8 36. Qe5 Kg8 37. Rf1 Rc8 38. Rf6 Rc1+ 39. Kf2 Rh1 40. Qe7 Bf5 41. Rxf7 Qxe7 42. Rxe7 Kf8 43. Bxd5 Bg4 44. Re4 Bd7 45. Re7 Bg4 46. Bf3 Bxf3 47. gxf3 Rd1 48. Rxa7 Rxd6 49. g4 Rd3 50. Kg3 b5 51. Rb7 Ra3 52. Rxb5 Rxa2 53. Rb7 Ra4 54. g5 Kg8 55. f4 Ra3+ 56. Kg4 Ra1 57. f5 Rh1 58. f6 Rh2 59. Kf5 1-0

[Event "Buenos Aires Najdorf Talents"]
[Site "Buenos Aires ARG"]
[Date "2004.09.23"]
[Round "6"]
[White "Kovalyov, Anton"]
[Black "Ferro, Ezequiel"]
[Result "0-1"]
[WhiteElo "2217"]
[BlackElo "2109"]
[PlyCount "64"]
[GameId "2129405124760676"]
[EventDate "2004.09.21"]
[EventType "swiss"]
[EventRounds "7"]
[EventCountry "ARG"]
[SourceTitle "CBM 102 ext"]
[Source "ChessBase"]
[SourceDate "2004.11.03"]
[SourceVersion "1"]
[SourceVersionDate "2004.11.03"]
[SourceQuality "1"]

1. e4 e6 2. d4 d5 3. Nd2 Nf6 4. e5 Nfd7 5. c3 c5 6. Ndf3 Nc6 7. Bd3 cxd4 8. cxd4 f6 9. exf6 Nxf6 10. Ne2 Bd6 11. Bg5 O-O 12. O-O Qc7 13. Rc1 Bd7 14. Bh4 Nh5 15. Bg3 Nxg3 16. Nxg3 Bf4 17. Rc2 Qb6 18. a3 g6 19. Be2 Na5 20. b4 Nc4 21. Bxc4 dxc4 22. Qe2 a5 23. Rb1 Rac8 24. b5 c3 25. Ne4 Bc6 26. Nc5 Bxf3 27. gxf3 e5 28. Nd7 Qe6 29. Nxf8 Qh3 30. Qe4 Rxf8 31. Re1 Rf5 32. Qxf5 Qxf5 0-1

[Event "Buenos Aires Najdorf Talents"]
[Site "Buenos Aires"]
[Date "2004.09.21"]
[Round "1"]
[White "Ianovsky, Matias Manuel"]
[Black "Kovalyov, Anton"]
[Result "0-1"]
[WhiteElo "2110"]
[BlackElo "2217"]
[PlyCount "108"]
[GameId "1166646803230720"]
[EventDate "2004.09.21"]
[EventType "swiss"]
[EventRounds "7"]
[EventCountry "ARG"]
[SourceTitle "CBM 102 Extra"]
[Source "ChessBase"]
[SourceDate "2004.11.03"]
[SourceVersion "1"]
[SourceVersionDate "2004.11.03"]
[SourceQuality "1"]

1. d4 Nf6 2. Nf3 g6 3. c4 Bg7 4. g3 d5 5. Bg2 dxc4 6. O-O O-O 7. Qa4 Nd5 8. Qxc4 Nb6 9. Qc2 Nc6 10. e3 Nb4 11. Qe2 Be6 12. b3 Bf5 13. Rd1 a5 14. Nh4 Bc8 15. Bb2 c6 16. Nc3 N6d5 17. e4 Nxc3 18. Bxc3 Qb6 19. Nf3 Bg4 20. h3 Bxf3 21. Bxf3 Na6 22. Qc4 Rfd8 23. Kg2 Nc7 24. d5 cxd5 25. exd5 Bxc3 26. Qxc3 Nb5 27. Qe5 Qd6 28. Qe3 Rac8 29. Rac1 Qf6 30. Rc5 Nd6 31. Rdc1 Nf5 32. Qf4 Rxc5 33. Rxc5 Qb6 34. Qc7 Qxc7 35. Rxc7 b6 36. Rb7 Rd6 37. Be4 e6 38. dxe6 Rxe6 39. Bd5 Rf6 40. Bc4 Kg7 41. h4 h5 42. Bd5 Nd4 43. f4 Nc2 44. Kf2 Nb4 45. Bc4 Nxa2 46. Ke3 Nb4 47. Ke4 Nc2 48. Bd5 Na3 49. Ke5 Nb5 50. Rd7 Rf5+ 51. Ke4 Nc3+ 52. Kd4 Rxd5+ 53. Rxd5 Nxd5 54. Kxd5 b5 0-1

[Event "American Continental 03rd"]
[Site "Buenos Aires"]
[Date "2005.08.06"]
[Round "1"]
[White "Kovalyov, Anton"]
[Black "Quesada Perez, Yuniesky"]
[Result "1-0"]
[WhiteElo "2234"]
[BlackElo "2522"]
[PlyCount "61"]
[GameId "1166647666151424"]
[EventDate "2005.08.06"]
[EventType "swiss"]
[EventRounds "11"]
[EventCountry "ARG"]
[SourceTitle "CBM 109"]
[Source "ChessBase"]
[SourceDate "2005.11.14"]
[SourceVersion "1"]
[SourceVersionDate "2005.11.14"]
[SourceQuality "1"]

1. c4 e5 2. g3 Nf6 3. Bg2 Nc6 4. Nc3 Bc5 5. a3 a5 6. e3 O-O 7. Nge2 d6 8. O-O Bd7 9. h3 Qc8 10. Kh2 Bb6 11. b3 Ne7 12. d4 Ng6 13. f4 exd4 14. Nxd4 Re8 15. Nd5 Nxd5 16. cxd5 c5 17. dxc6 bxc6 18. e4 d5 19. exd5 cxd5 20. Bb2 Qc5 21. Rc1 Qd6 22. Qd3 Rab8 23. Rfe1 h5 24. Nf5 Bxf5 25. Qxf5 Red8 26. Red1 h4 27. Bxd5 hxg3+ 28. Kxg3 Bf2+ 29. Kxf2 Qxf4+ 30. Qxf4 Nxf4 31. Be5 1-0

[Event "American Continental 03rd"]
[Site "Buenos Aires"]
[Date "2005.08.11"]
[Round "6"]
[White "Claverie, Raul Ricardo"]
[Black "Kovalyov, Anton"]
[Result "1-0"]
[WhiteElo "2388"]
[BlackElo "2234"]
[PlyCount "73"]
[GameId "1166647667499008"]
[EventDate "2005.08.06"]
[EventType "swiss"]
[EventRounds "11"]
[EventCountry "ARG"]
[SourceTitle "CBM 107 Extra"]
[Source "ChessBase"]
[SourceDate "2005.09.01"]
[SourceVersion "1"]
[SourceVersionDate "2005.09.01"]
[SourceQuality "1"]

1. g3 c5 2. Bg2 Nc6 3. d3 g6 4. f4 d5 5. Nf3 Bg7 6. Nc3 e6 7. O-O Nge7 8. e4 O-O 9. Kh1 d4 10. Ne2 e5 11. fxe5 Nxe5 12. Nxe5 Bxe5 13. Bh6 Bg7 14. Qd2 Nc6 15. Bxg7 Kxg7 16. Nf4 f6 17. c3 Qd6 18. Rac1 Qe5 19. cxd4 Nxd4 20. b4 cxb4 21. Qxb4 Nc6 22. Qb3 Rf7 23. Qa3 Bd7 24. Rc5 Qd6 25. Qc3 b6 26. Rc4 Ne5 27. Rc7 Raf8 28. Rxa7 Nc6 29. Ra4 Qe5 30. d4 Qb5 31. Rc4 Na5 32. Rc7 Bc6 33. Ne6+ Kg8 34. d5 Rxc7 35. Nxc7 Qe2 36. dxc6 Rc8 37. Qxf6 1-0

[Event "Villa Ballester op 56th"]
[Site "Villa Ballester"]
[Date "2006.01.06"]
[Round "2"]
[White "Kovalyov, Anton"]
[Black "Prieto, Marcelo"]
[Result "1-0"]
[WhiteElo "2279"]
[BlackElo "2077"]
[PlyCount "57"]
[GameId "1166648135794688"]
[EventDate "2006.01.03"]
[EventType "swiss"]
[EventRounds "9"]
[EventCountry "ARG"]
[SourceTitle "CBM 110 Extra"]
[Source "ChessBase"]
[SourceDate "2006.03.10"]
[SourceVersion "2"]
[SourceVersionDate "2006.03.10"]
[SourceQuality "1"]

1. c4 e5 2. g3 Nc6 3. Bg2 g6 4. Nc3 Bg7 5. e3 d6 6. Nge2 Nge7 7. O-O O-O 8. Rb1 a5 9. a3 Be6 10. Nd5 Qd7 11. b4 axb4 12. axb4 Nc8 13. d3 Nd8 14. e4 f5 15. exf5 gxf5 16. f4 c6 17. Ne3 Ne7 18. d4 e4 19. d5 cxd5 20. cxd5 Bf7 21. Bb2 Bxb2 22. Rxb2 Qb5 23. Qd4 Ra3 24. Nc3 Qa6 25. Rc1 Ra1 26. Rxa1 Qxa1+ 27. Rb1 Qa3 28. Bf1 Nc8 29. Nxf5 1-0

[Event "Villa Ballester op 56th"]
[Site "Villa Ballester"]
[Date "2006.01.07"]
[Round "3"]
[White "Caramia, Javier"]
[Black "Kovalyov, Anton"]
[Result "1-0"]
[WhiteElo "2187"]
[BlackElo "2279"]
[PlyCount "91"]
[GameId "1166648135921664"]
[EventDate "2006.01.03"]
[EventType "swiss"]
[EventRounds "9"]
[EventCountry "ARG"]
[SourceTitle "CBM 110 Extra"]
[Source "ChessBase"]
[SourceDate "2006.03.10"]
[SourceVersion "2"]
[SourceVersionDate "2006.03.10"]
[SourceQuality "1"]

1. Nf3 c5 2. c4 b6 3. d4 cxd4 4. Nxd4 Bb7 5. f3 d6 6. e4 Nf6 7. Nc3 a6 8. Be2 e6 9. Be3 Be7 10. O-O O-O 11. Qd2 Nbd7 12. Rfd1 Rc8 13. Rac1 Qc7 14. Bf1 Qb8 15. Nc2 Rfe8 16. Kh1 Kh8 17. b3 Rg8 18. g4 Ne5 19. Nd4 Qa8 20. Bg2 Nfd7 21. Nde2 Nc5 22. Ng3 Bc6 23. Qe2 g5 24. Bd4 f6 25. h3 Be8 26. Qe3 b5 27. cxb5 axb5 28. Bxe5 fxe5 29. b4 Nb7 30. Qe2 Qa3 31. Nb1 Qxc1 32. Rxc1 Rxc1+ 33. Kh2 Bd7 34. Qb2 Rgc8 35. Na3 R1c3 36. Ne2 R3c7 37. Bf1 Bf6 38. Qb3 Kg7 39. Qd3 d5 40. exd5 exd5 41. Nxb5 Bxb5 42. Qxb5 d4 43. Ng3 Rc2+ 44. Kg1 Nd6 45. Qd7+ Nf7 46. Nh5+ 1-0

[Event "Villa Ballester op 56th"]
[Site "Villa Ballester"]
[Date "2006.01.08"]
[Round "4"]
[White "Kovalyov, Anton"]
[Black "Sambuco Salomone, Lucas"]
[Result "1-0"]
[WhiteElo "2279"]
[BlackElo "2003"]
[PlyCount "79"]
[GameId "1166648136155136"]
[EventDate "2006.01.03"]
[EventType "swiss"]
[EventRounds "9"]
[EventCountry "ARG"]
[SourceTitle "CBM 110 Extra"]
[Source "ChessBase"]
[SourceDate "2006.03.10"]
[SourceVersion "2"]
[SourceVersionDate "2006.03.10"]
[SourceQuality "1"]

1. c4 c6 2. d4 d5 3. Nf3 e6 4. Qc2 Nf6 5. Bg5 Nbd7 6. e3 Qa5+ 7. Nc3 Bb4 8. Nd2 dxc4 9. Bxf6 Nxf6 10. Nxc4 Qc7 11. a3 Be7 12. b4 O-O 13. Be2 Rd8 14. O-O Bd7 15. Rfd1 Rac8 16. Rac1 Be8 17. Bf3 Nd5 18. Ne4 b6 19. Qb2 Qb8 20. Rb1 Rc7 21. Rdc1 Qc8 22. Be2 Nf6 23. Nc3 Nd5 24. Qb3 Nxc3 25. Rxc3 Bf6 26. Rc2 Qb7 27. a4 Be7 28. Bf3 Qc8 29. Rbc1 Bf6 30. g3 Qd7 31. Nb2 Rdc8 32. Nd3 c5 33. bxc5 Qxa4 34. Qb1 bxc5 35. Nxc5 Qb5 36. Qa2 Rb8 37. h4 g6 38. Ne4 Rxc2 39. Nxf6+ Kh8 40. Qxc2 1-0

[Event "Villa Ballester op 56th"]
[Site "Villa Ballester"]
[Date "2006.01.11"]
[Round "6"]
[White "Kovalyov, Anton"]
[Black "Zabala, Adriel"]
[Result "1-0"]
[WhiteElo "2279"]
[BlackElo "1971"]
[PlyCount "47"]
[GameId "1166648136560640"]
[EventDate "2006.01.03"]
[EventType "swiss"]
[EventRounds "9"]
[EventCountry "ARG"]
[SourceTitle "CBM 110 Extra"]
[Source "ChessBase"]
[SourceDate "2006.03.10"]
[SourceVersion "2"]
[SourceVersionDate "2006.03.10"]
[SourceQuality "1"]

1. c4 e5 2. g3 g6 3. Bg2 Bg7 4. Nc3 Nc6 5. e3 f5 6. Nge2 Nf6 7. d4 e4 8. O-O d6 9. f3 exf3 10. Rxf3 O-O 11. Nf4 Ne7 12. Rf1 c6 13. b4 g5 14. Nh5 Be6 15. Nxg7 Kxg7 16. d5 cxd5 17. cxd5 Bf7 18. Bb2 Qb6 19. Ne4 Nexd5 20. Bd4 Qc7 21. Rxf5 Kg6 22. Nxf6 Kxf5 23. Qd3+ Ke6 24. Qe4# 1-0

[Event "Villa Ballester op 56th"]
[Site "Villa Ballester"]
[Date "2006.01.13"]
[Round "7"]
[White "Leskovar, Matias"]
[Black "Kovalyov, Anton"]
[Result "0-1"]
[WhiteElo "2317"]
[BlackElo "2279"]
[PlyCount "62"]
[GameId "1166648136785920"]
[EventDate "2006.01.03"]
[EventType "swiss"]
[EventRounds "9"]
[EventCountry "ARG"]
[SourceTitle "CBM 110 Extra"]
[Source "ChessBase"]
[SourceDate "2006.03.10"]
[SourceVersion "2"]
[SourceVersionDate "2006.03.10"]
[SourceQuality "1"]

1. d4 d5 2. Nf3 Nf6 3. Bg5 Ne4 4. Bf4 c5 5. e3 Qb6 6. Nbd2 Nxd2 7. Nxd2 cxd4 8. exd4 Qxd4 9. Bxb8 Rxb8 10. Bb5+ Kd8 11. O-O e6 12. Qe2 a6 13. c3 Qf6 14. Ba4 Bd6 15. f4 Ke7 16. Bb3 Rd8 17. g3 Kf8 18. Nf3 Bd7 19. Ng5 Kg8 20. Qh5 Qg6 21. Qd1 Bc5+ 22. Kg2 Bc6 23. Nf3 d4 24. cxd4 Bxd4 25. Bc2 Qh5 26. Qb1 Bxb2 27. Bxh7+ Qxh7 28. Qxb2 Rd3 29. Qe5 Rbd8 30. Rae1 Rd2+ 31. Re2 Rxe2+ 0-1

[Event "Villa Ballester op 56th"]
[Site "Villa Ballester"]
[Date "2006.01.14"]
[Round "8"]
[White "Kovalyov, Anton"]
[Black "Granara Barreto, Sebastian A"]
[Result "1/2-1/2"]
[WhiteElo "2279"]
[BlackElo "2241"]
[PlyCount "58"]
[GameId "1166648136970240"]
[EventDate "2006.01.03"]
[EventType "swiss"]
[EventRounds "9"]
[EventCountry "ARG"]
[SourceTitle "CBM 110 Extra"]
[Source "ChessBase"]
[SourceDate "2006.03.10"]
[SourceVersion "2"]
[SourceVersionDate "2006.03.10"]
[SourceQuality "1"]

1. c4 c6 2. d4 d5 3. Nf3 Nf6 4. Nc3 e6 5. e3 Nbd7 6. Bd3 dxc4 7. Bxc4 b5 8. Be2 a6 9. e4 b4 10. e5 bxc3 11. exf6 cxb2 12. fxg7 Bxg7 13. Bxb2 Qa5+ 14. Nd2 Rb8 15. Qc2 c5 16. Bc3 Qc7 17. dxc5 Qxc5 18. Nc4 Bxc3+ 19. Qxc3 Rg8 20. Bf3 Bb7 21. Bxb7 Rxb7 22. Rc1 Rc7 23. O-O Ke7 24. Qd2 Rgc8 25. Rfd1 Qd5 26. Qb4+ Qc5 27. Qd2 Qd5 28. Qe1 Qg5 29. Qb4+ Qc5 1/2-1/2

[Event "Villa Ballester op 56th"]
[Site "Villa Ballester"]
[Date "2006.01.15"]
[Round "9"]
[White "De Dovitiis, Alejo"]
[Black "Kovalyov, Anton"]
[Result "0-1"]
[WhiteElo "2365"]
[BlackElo "2279"]
[PlyCount "94"]
[GameId "1166648137117696"]
[EventDate "2006.01.03"]
[EventType "swiss"]
[EventRounds "9"]
[EventCountry "ARG"]
[SourceTitle "CBM 110 Extra"]
[Source "ChessBase"]
[SourceDate "2006.03.10"]
[SourceVersion "2"]
[SourceVersionDate "2006.03.10"]
[SourceQuality "1"]

1. e4 e6 2. d4 d5 3. exd5 exd5 4. Nf3 Bd6 5. c4 dxc4 6. Bxc4 Nf6 7. O-O O-O 8. Nc3 c6 9. Re1 Bg4 10. h3 Bh5 11. g4 Bg6 12. Ne5 Nbd7 13. f4 b5 14. Bb3 Qc7 15. f5 Nxe5 16. dxe5 Bxe5 17. Qf3 Kh8 18. Be3 h5 19. g5 Ng8 20. fxg6 fxg6 21. Qg2 Ne7 22. Rac1 Nf5 23. Nxb5 Qb8 24. Bc5 cxb5 25. Bd5 Nh4 26. Qe4 Nf3+ 27. Kg2 Qd8 28. h4 Rf4 29. Qxf3 Rxf3 30. Bxf3 Qd2+ 31. Bf2 Rf8 32. Rxe5 Qxc1 33. Rxb5 Rxf3 34. Rb8+ Kh7 35. Kxf3 Qc6+ 36. Ke2 Qe6+ 37. Kf1 Qc4+ 38. Kg1 Qg4+ 39. Kf1 Qd1+ 40. Kg2 Qd5+ 41. Kg1 Qxa2 42. b4 Qb1+ 43. Kg2 a5 44. b5 a4 45. b6 a3 46. b7 a2 47. Bd4 Qe4+ 0-1

[Event "Buenos Aires-ch qual"]
[Site "Buenos Aires"]
[Date "2006.03.22"]
[Round "2.8"]
[White "Rosito, Jorge"]
[Black "Kovalyov, Anton"]
[Result "1-0"]
[WhiteElo "2416"]
[BlackElo "2279"]
[PlyCount "71"]
[GameId "1166648258916352"]
[EventDate "2006.03.21"]
[EventType "swiss"]
[EventRounds "9"]
[EventCountry "ARG"]
[SourceTitle "CBM 111 Extra"]
[Source "ChessBase"]
[SourceDate "2006.05.09"]
[SourceVersion "1"]
[SourceVersionDate "2006.05.09"]
[SourceQuality "1"]

1. e4 e6 2. d4 d5 3. Nc3 b6 4. exd5 exd5 5. Bd3 Bb4 6. Qf3 c6 7. Nge2 Qf6 8. Bf4 Ba6 9. Bxa6 Nxa6 10. Qd3 Bxc3+ 11. bxc3 Nb8 12. Be5 Qg5 13. h4 Qg6 14. Qe3 Ne7 15. Nf4 Qxc2 16. O-O O-O 17. Rac1 Qe4 18. Qg3 Ng6 19. Rfe1 Qf5 20. h5 Nxe5 21. Rxe5 Qf6 22. Rce1 Nd7 23. Re7 Rfd8 24. Qg4 Qd6 25. R1e6 Nf6 26. Qg3 Qa3 27. h6 g6 28. Qg5 Qc1+ 29. Re1 Qxe1+ 30. Rxe1 Rd6 31. Re7 Kf8 32. Qe5 Ne4 33. Rxf7+ Kxf7 34. Qg7+ Ke8 35. Qg8+ Kd7 36. Qxa8 1-0

[Event "Buenos Aires-ch qual"]
[Site "Buenos Aires"]
[Date "2006.03.23"]
[Round "3.27"]
[White "Kovalyov, Anton"]
[Black "Amed, Stephanie"]
[Result "1-0"]
[WhiteElo "2279"]
[BlackElo "2106"]
[PlyCount "121"]
[GameId "1166648259178496"]
[EventDate "2006.03.21"]
[EventType "swiss"]
[EventRounds "9"]
[EventCountry "ARG"]
[SourceTitle "CBM 111 Extra"]
[Source "ChessBase"]
[SourceDate "2006.05.09"]
[SourceVersion "1"]
[SourceVersionDate "2006.05.09"]
[SourceQuality "1"]

1. c4 g6 2. d4 Nf6 3. Nc3 Bg7 4. e4 d6 5. Be2 O-O 6. Bg5 h6 7. Be3 Nc6 8. d5 Nb8 9. h3 e5 10. Nf3 a5 11. c5 Nbd7 12. cxd6 cxd6 13. Nd2 b6 14. a3 Nc5 15. b4 Na6 16. Nc4 Rb8 17. bxa5 bxa5 18. Qa4 Nd7 19. Qc6 Rb3 20. Nxd6 Ndb8 21. Qxc8 Qxd6 22. Qc4 Rxa3 23. Rb1 Qd7 24. Nb5 Rc8 25. Nxa3 Rxc4 26. Nxc4 Bf8 27. O-O Qd8 28. Bb6 Qh4 29. f3 Nd7 30. Bf2 Qd8 31. Ra1 Bb4 32. Nxa5 Bxa5 33. Bxa6 Kg7 34. Kh2 Nf6 35. Rfd1 Bc7 36. Rac1 Bd6 37. Rc6 Nh5 38. Bf1 Qd7 39. Ra1 Bb8 40. Rb6 Bd6 41. Raa6 Be7 42. Bb5 Qd8 43. g3 Qc8 44. Kg2 Qc2 45. Rc6 Qd2 46. Bc4 Qg5 47. Kh2 Qd2 48. Ra2 Qd1 49. Be2 Qb3 50. Rcc2 Qb8 51. Rab2 Qd8 52. Rb1 Bd6 53. h4 g5 54. hxg5 Qxg5 55. Bf1 Qf6 56. Rb3 Qg5 57. Bh3 Qd8 58. Rb7 Qf6 59. Be6 Be7 60. Bg4 Qg5 61. Rcc7 1-0

[Event "Buenos Aires-ch qual"]
[Site "Buenos Aires"]
[Date "2006.03.24"]
[Round "4.14"]
[White "Dos Santos, Ramiro"]
[Black "Kovalyov, Anton"]
[Result "1-0"]
[WhiteElo "2376"]
[BlackElo "2279"]
[PlyCount "59"]
[GameId "1166648259313664"]
[EventDate "2006.03.21"]
[EventType "swiss"]
[EventRounds "9"]
[EventCountry "ARG"]
[SourceTitle "CBM 111 Extra"]
[Source "ChessBase"]
[SourceDate "2006.05.09"]
[SourceVersion "1"]
[SourceVersionDate "2006.05.09"]
[SourceQuality "1"]

1. e4 e6 2. d4 d5 3. Nc3 b6 4. Bb5+ c6 5. Bd3 Ba6 6. Nf3 Bxd3 7. Qxd3 Ne7 8. Bg5 Qc8 9. O-O f6 10. Bd2 Ng6 11. Rfe1 Be7 12. h4 Kf7 13. h5 Nf8 14. Ne2 g5 15. e5 Rg8 16. exf6 Bxf6 17. Ne5+ Bxe5 18. dxe5 Nbd7 19. Nd4 Nc5 20. Qf3+ Ke8 21. c4 Qd7 22. cxd5 Qxd5 23. Qg4 Nd3 24. Re3 Nxb2 25. Bc3 Nc4 26. Ree1 Na3 27. Rad1 Qc4 28. Qf3 g4 29. Qf6 Rc8 30. Nf5 1-0